| 000 | 00741nam a2200253 a 4500 | ||
|---|---|---|---|
| 003 | DO-SdBNP | ||
| 005 | 20220323125232.0 | ||
| 007 | ta | ||
| 008 | 210818e2018 dr ||||gr ||| 001 easpa d | ||
| 020 | _a9789945132045 | ||
| 040 |
_aDO-SdBNP _bspa _cBNPHU |
||
| 082 | 4 |
_bS456u _222 |
|
| 100 | 1 |
_91427 _aSegura, Carlos _d1951- |
|
| 240 | 1 | 0 |
_aAutobiografía _lspa |
| 245 | 1 | 0 |
_aUna vida en tiempos revueltos: _bautobiografía / _cCarlos Segura |
| 260 |
_aSanto Domingo : _bMediabyte, _c2018 |
||
| 300 |
_a213 p. ; _c23 cm |
||
| 500 | _aIncluye datos biográficos en la contracubierta. | ||
| 590 | _aInventariado 2021 /MF | ||
| 600 | 4 |
_91427 _aSegura, Carlos _d1951- |
|
| 650 | 4 |
_9323 _aAutobiografía |
|
| 910 | _aMFeliz | ||
| 942 |
_2ddc _cLBS1 |
||
| 999 |
_c50219 _d50219 |
||